000 00503nam a2200181Ia 4500
001 17024
005 20260306170354.0
008 260306t2011||||xx |||||||||||||| ||und||
041 _aESP
082 _a657.42
_bR63 2011 P. 1
100 _aRío González, Cristóbal del
_eAUT
245 0 _aCostos I. Históricos:
_bintroducción al estudio de la contabilidad y control de los costos industriales
260 _c2011
300 _a
_c
650 _aGEN
654 _aCCO
942 _cLIB
_dJUS
_fJUS
_2ddc
_n
999 _c17024
_d17024